| 000 | 01125nam a2200217 i 4500 | ||
|---|---|---|---|
| 001 | 51071 | ||
| 003 | ES-MaACL | ||
| 005 | 20250702063042.0 | ||
| 007 | t| | ||
| 008 | 140423s1896 it ||||1| ita d | ||
| 100 | 1 |
_aGneist, Rudolf von, _d1816-1895 _9151891 |
|
| 245 | 1 | 2 |
_aL'amministrazione e il diritto amministrativo inglese / _cRodolfo Gneist. Il governo locale dell'Inghilterra Maurizio Vauthier. Il diritto pubblico inglese e la sua trasformazione : (prefazione) / Attilio Brunialti. |
| 260 |
_aTorino : _bUnione Tipografico-Editrice, _c1896. |
||
| 300 |
_a2 v. ; _c24 cm. |
||
| 490 | 1 |
_aBiblioteca di scienze politiche e amministrative : scelta collezione... Seconda serie : opere di Diritto Amministrativo e Costituzionale / diretta da Attilio Brunialti ; _v3 |
|
| 700 | 1 |
_aVauthier, Maurizio. _9154777 |
|
| 700 | 0 |
_aBrunialti, Attilio. _932183 |
|
| 830 | 0 |
_aBiblioteca di scienze politiche e amministrative : scelta collezione... Seconda serie : opere di Diritto Amministrativo e Costituzionale / diretta da Attilio Brunialti ; _v3 _9182342 |
|
| 852 |
_aES-MaACL _jB-9325-26 |
||
| 999 |
_c51071 _d51071 |
||